Statistics for God Save The Queen Lyrics Quiz

Click here to take the quiz!

General Stats

  • This quiz has been taken 433 times
  • The average score is 24 of 29

Answer Stats

Lyrics% Correct
God
100%
save
99%
our
94%
Queen
94%
Queen
88%
save
87%
gracious
87%
our
87%
god
87%
save
86%
Queen
86%
Queen
86%
the
85%
God
85%
our
84%
long
82%
and
81%
noble
80%
live
80%
glorious
79%
long
77%
victorious
77%
her
76%
happy
75%
over
74%
us
74%
reign
73%
send
72%
to
71%

Score Distribution

Percentile by Number Answered

Percent of People with Each Score

Your Score History

You have not taken this quiz